000 00902nam a2200253Ia 4500
003 OSt
005 20220923212011.0
006 a|||||r|||| 00| 0
007 ta
008 220922b |||||||| |||| 00| 0 hin d
024 _a145,582
037 _cTextual
040 _aARTS
_cARTS
_bhin
041 _2hin
_ahin
082 _aY217.2.G, 152M8
100 _aजोशी, महेशचन्द्र
245 0 _aप्राचीन भारत में दाम्पत्य मर्यादा
246 _aPrāchīn bhārat mean dāmpatya maryādā
260 _aदिल्ली
_b सच्चिदानन्द प्रकाशन
_c1988
300 _a389पृ.
_ccm.
650 _aभारतीय-लोक साहित्य
942 _hY217.2.G, 152M8
_cTEXL
_2CC
999 _c305348
_d305348